Szczegóły MARC
| 000 -ETYKIETA REKORDU |
| podpole kontrolne o stałej długości |
01907nam a2200553 i 4500 |
| 001 - NUMER KONTROLNY REKORDU |
| pole kontrolne |
38645 |
| 003 - IDENTYFIKATOR NUMERU KONTROLNEGO REKORDU |
| podpole kontrolne |
KOSZ 005 |
| 005 - DATA OSTATNIEJ MODYFIKACJI REKORDU |
| podpole kontrolne |
20220722124157.0 |
| 008 - POLE O STAŁEJ DŁUGOŚCI - DANE KONTROLNE |
| podpole kontrolne o stałej długości |
001218s2000 pl a |001 0 pol |
| 015 ## - NUMER BIBLIOGRAFII NARODOWEJ |
| Numer bibliografii narodowej |
UWD 2000/23446 |
| 020 ## - MIĘDZYNARODOWY ZNORMALIZOWANY NUMER KSIĄŻKI - ISBN |
| ISBN |
8320425123 |
| 035 ## - NUMER SYSTEMOWY |
| Numer systemowy przejętego rekordu |
991015381229705066 |
| 035 ## - NUMER SYSTEMOWY |
| Numer systemowy przejętego rekordu |
(PL-WaBN)b14131134-48omnis_nlop |
| 035 ## - NUMER SYSTEMOWY |
| Numer systemowy przejętego rekordu |
b14131134 |
| 035 ## - NUMER SYSTEMOWY |
| Numer systemowy przejętego rekordu |
(OCoLC)749557499 |
| 035 ## - NUMER SYSTEMOWY |
| Numer systemowy przejętego rekordu |
zz2004960452 |
| 035 ## - NUMER SYSTEMOWY |
| Numer systemowy przejętego rekordu |
(PL)b0000001413113 |
| 035 ## - NUMER SYSTEMOWY |
| Numer systemowy przejętego rekordu |
(EXLNZ-48OMNIS_NETWORK)9910223805905606 |
| 040 ## - ŹRÓDŁO KATALOGOWANIA |
| Instytucja, która sporządziła opis |
WA N |
| Instytucja, która utworzyła rekord |
WA N |
| Instytucja, która dokonała modyfikacji |
KOSZ 005/HR |
| 041 1# - KOD JĘZYKA |
| Kod języka tekstu |
pol |
| -- |
eng |
| Kod języka oryginału |
fre |
| 046 ## - DATY KODOWANE |
| Pojedyncza data lub początek okresu powstania dzieła lub zbioru dzieł |
1997 |
| 080 ## - UNIWERSALNA KLASYFIKACJA DZIESIĘTNA - UKD |
| UKD |
811.111 |
| 080 ## - UNIWERSALNA KLASYFIKACJA DZIESIĘTNA - UKD |
| UKD |
004 |
| 080 ## - UNIWERSALNA KLASYFIKACJA DZIESIĘTNA - UKD |
| UKD |
(07) |
| 100 1# - NAZWA OSOBOWA |
| Nazwa osobowa |
Otman, Gabriel |
| Określenie rodzaju współpracy |
Autor |
| 245 10 - TYTUŁ/ODPOWIEDZIALNOŚĆ |
| Tytuł |
Angielski dla internautów / |
| Pozostałe elementy strefy tytułu i oznaczenia odpowiedzialności |
Gabriel Otman ; tł. Jerzy Gronkowski. |
| 246 1# - WARIANT TYTUŁU |
| Treść wyrażenia wprowadzającego |
Tyt. oryg.: |
| Tytuł |
Anglais de l'Internet |
| 260 ## - STREFA ADRESU WYDAWNICZEGO |
| Miejsce wydania |
Warszawa : |
| Nazwa wydawcy/dystrybutora |
Wydawnictwa Naukowo-Techniczne, |
| Data publikacji, dystrybucji/powstania dokumentu |
2000. |
| 300 ## - STREFA OPISU FIZYCZNEGO |
| Objętość |
313, [2] s., [2] s. tabl. luz. : |
| Inne cechy fizyczne |
1 il. ; |
| Rozmiary |
20 cm. |
| 336 ## - TYP ZAWARTOŚCI |
| Termin opisujący typ zawartości |
Tekst |
| Kod określający zawartość |
txt |
| Źródło (terminu i kodu) |
rdacontent |
| 337 ## - TYP MEDIÓW |
| Tryb odtwarzania |
Bez urządzenia pośredniczącego |
| Kod typu mediów |
n |
| Źródło (terminu i kodu) |
rdamedia |
| 338 ## - TYP/RODZAJ NOŚNIKA |
| Hasło opisujące typ nośnika |
Wolumin |
| Kod typu nośnika |
nc |
| Źródło (terminu i kodu) |
rdacarrier |
| 380 ## - FORMA I TYP PUBLIKACJI |
| Forma i typ publikacji |
Książki |
| 388 ## - CZAS POWSTANIA |
| Czas powstania |
1901-2000 |
| 388 ## - CZAS POWSTANIA |
| Czas powstania |
1989-2000 |
| 500 ## - UWAGI OGÓLNE |
| Tekst uwagi |
Tyt. oryg.: "L'Anglais de l'Internet" 1997. - Na okł. podtyt.: słownictwo angielskie pozwalające swobodnie surfować i nie zgubić się w Internecie. |
| 504 ## - UWAGA DOTYCZĄCA BIBLIOGRAFII |
| Informacje o bibliografii |
Indeksy. |
| 546 ## - UWAGA O JĘZYKU |
| Uwaga o języku |
Tekst ang., pol. |
| 650 #7 - HASŁO PRZEDMIOTOWE W FORMIE NAZWY OGÓLNEJ LUB JEDNOSTKOWEJ |
| Nazwa ogólna lub geograficzna |
Informatyka |
| Źródło hasła lub terminu |
DBN |
| 650 #7 - HASŁO PRZEDMIOTOWE W FORMIE NAZWY OGÓLNEJ LUB JEDNOSTKOWEJ |
| Nazwa ogólna lub geograficzna |
Terminologia |
| 650 #7 - HASŁO PRZEDMIOTOWE W FORMIE NAZWY OGÓLNEJ LUB JEDNOSTKOWEJ |
| Nazwa ogólna lub geograficzna |
Język angielski |
| Źródło hasła lub terminu |
DBN |
| 655 #7 - TERMIN INDEKSOWY - OKREŚLENIE RODZAJU/FORMY DOKUMENTU |
| Określenie rodzaju/formy dokumentu |
Podręcznik |
| Źródło terminu |
DBN |
| 658 ## - TERMIN INDEKSOWY - PRZEDMIOT PROGRAMU NAUCZANIA |
| Główny przedmiot programu nauczania |
Informatyka i technologie informacyjne |
| 700 1# - HASŁO DODATKOWE - NAZWA OSOBOWA |
| Nazwa osobowa |
Gronkowski, Jerzy |
| Określenie związku między hasłem a opisywanym materiałem |
Tłumaczenie |
| 710 2# - HASŁO DODATKOWE - NAZWA CIAŁA ZBIOROWEGO |
| Nazwa ciała zbiorowego lub jednostki geograficznej |
Wydawnictwa Naukowo-Techniczne |
| Kod określenia powiązania |
pbl |
| 856 ## - LOKALIZACJA I DOSTĘP DO ELEKTRONICZNYCH DOKUMENTÓW ZDALNYCH |
| Link (URL) |
http://koha.tu.koszalin.pl/cgi-bin/koha/opac-detail.pl?biblionumber=38645 |
| Tekst linku |
Katalog online BPK |
| 942 ## - DODATKOWE ELEMENTY (KOHA) |
| Schemat klasyfikacji |
Uniwersalna Klasyfikacja Dziesiętna |
| Typ dokumentu |
Książka |